000 00590cam a22002172a 4500
001 024769
003 AR-FADEU
008 311216n1994####xxu####################dd
020 _a987-998-16-0-X
092 _a331.098 272
_bM965
_eBDT
100 _aMasés, Enrique
245 _aEl mundo del trabajo : Neuquén 1884-1930
260 _aNeuquén
260 _bGrupo de Estudio de Historia Social
260 _c1994
300 _a163 p
500 _aIncluye bibliografía
700 _aGabriel, Rafart
650 _aTRABAJO-HISTORIA; NEUQUEN-HISTORIA-1884-1930/BDT/
942 _cBDT
999 _c30456
_d30456